Хранене според генотипа (Запис номер 114274)
[ съкратено ]
| 000 -Лидер | |
|---|---|
| Контролно поле с фиксирана дължина | 02702nam a2200493 a 4500 |
| 003 - Код на организацията, давaща контролен номер | |
| Контролно поле | BLK |
| 005 - Дата и час на последна редакция | |
| Контролно поле | 20240314005347.0 |
| 008 - Елементи от данни с фиксирана дължина | |
| fixed length control field | 180409b bul|||||r ||||||| ||bul|| |
| 010 ## - Наследен системен номер | |
| LC control number | KNG00119705000 |
| 020 ## - Международен стандартен номер на книга ISBN | |
| Международен стандартен номер на книга ISBN | 978-954-474-481-6 |
| 040 ## - Източник на каталожния запис | |
| Идентификатор на билиотеката - собственик на записа | BLK |
| 041 ## - Код за език | |
| Код за езика на текст/звукозапис или на отделно заглавие | Български |
| Код за езика КДБФ | Български |
| 072 #7 - Код за тематичната категория | |
| Код организация | bullib |
| Код за тематична категория | Н61 |
| Текст | Медицина Н |
| 072 #7 - Код за тематичната категория | |
| Код организация | bullib |
| Код за тематична категория | Л04 |
| Текст | Лечебно хранене |
| 080 ## - УДК | |
| Текстов определител УДК | Хигиена на храненето. Режим на храненето. Вж и 612.39 ; 614.3 ; 615.874 ; 641 |
| УДК код - определител по УДК | 613.2 |
| УДК определител | :575.1/.2(02.062) |
| УДК - код + определител | 613.2:575.1/.2(02.062) |
| 100 1# - Редна дума - Автор | |
| Автор | Д'Адамо, Питър |
| Авторска отговорност | първи автор |
| R(LIN) | 57763 |
| 139 ## - Редно поле | |
| Редна дума | Д'Адамо, Питър и др. |
| Авторски знак | Дав - Д 13 |
| 245 10 - Сведения за заглавието | |
| Заглавие | Хранене според генотипа |
| Подзаглавни данни | Как да промените генетичната си съдба за оптимално здраве, дълголетие и пълноценен живот |
| Редно поле (дума) | Питър Д'Адамо; съавт. Катрин Уитни; предг. от Том Гринфийлд; прев. от англ. Станислава Александрова Миланова. |
| 257 ## - Страна на издаване | |
| Страна на създаване/издаване | Съединени американски щати |
| 260 ## - Област на издателските данни | |
| Място на издаване, разпространение и проч. | София |
| Име на издателя, разпространителя и проч. | Кибеа |
| Година на издаване | 2009 |
| Печатница | София : Монт |
| 300 ## - Физическа характеристика | |
| Страници | 292 с. |
| Илюстрации и др. | с ил., табл. |
| Размери/Мащаб | 23 см |
| 380 ## - Жанр | |
| Жанр | Медицина |
| 490 ## - СЕРИИ (Колекции) | |
| Име на серия | Серия Здраве |
| 9 (RLIN) | 201388 |
| 500 ## - Общи забележки | |
| Забележка | Ориг. загл. The Geno Type Diet / Peter J. D'Adamo with Catherine Whitney. - Втората авт. отбелязана на с. 2. - За автора ; За книгата. - Библиогр. с. 288-291. |
| 650 #4 - Допълнително описание по предмет – тема | |
| Основно описание – тема или топоним | Хранене - хигиена - популярна литература |
| 9 (RLIN) | 265881 |
| 650 #4 - Допълнително описание по предмет – тема | |
| Основно описание – тема или топоним | Генетика - популярна литература |
| 9 (RLIN) | 299530 |
| 650 #4 - Допълнително описание по предмет – тема | |
| Основно описание – тема или топоним | Наследственост и изменчивост - популярна литература |
| 9 (RLIN) | 313363 |
| 653 ## - Ключова дума – ненормативна | |
| Ключова дума | хигиена на храненето |
| 653 ## - Ключова дума – ненормативна | |
| Ключова дума | генетика |
| 653 ## - Ключова дума – ненормативна | |
| Ключова дума | генотип |
| 653 ## - Ключова дума – ненормативна | |
| Ключова дума | наследственост |
| 659 ## - Тематичен бюлетин | |
| Тематичен бюлетин | Л |
| 659 ## - Тематичен бюлетин | |
| Тематичен бюлетин | Н |
| 700 1# - Други автори (авторска отговорност) | |
| Лично име | Уитни, Катрин |
| Автороска отговорност (Описва отношението между автора и произведението) | съавт. |
| 9 (RLIN) | 283494 |
| 700 1# - Други автори (авторска отговорност) | |
| Лично име | Гринфийлд, Том |
| Автороска отговорност (Описва отношението между автора и произведението) | предг. от |
| 9 (RLIN) | 56428 |
| 700 ## - Други автори (авторска отговорност) | |
| Лично име | Миланова, Станислава Александрова |
| Друга информация | Преводач от английски и руски език. |
| Дати, свързани с автора | 1967- |
| Пълна форма на името | Миланова-Леонтиева, Станислава Александрова |
| 9 (RLIN) | 363380 |
| 852 ## - Местоположение | |
| Форматна сигнатура | Цб 248637 |
| 856 4# - Електронен адрес и достъп | |
| Електронен формат | pdf - файл |
| Инструкция (цена за достъп) | 0.00 |
| Права за достъп | disable |
| 856 4# - Електронен адрес и достъп | |
| Електронен формат | pdf - файл |
| Инструкция (цена за достъп) | 0.00 |
| Права за достъп | disable |
| 999 ## - СИСТЕМНИ КОНТРОЛНИ НОМЕРА | |
| Koha biblionumber | 114274 |
| Koha biblioitemnumber | 114274 |
| 942 ## - АРТИКУЛИ | |
| Вид на библиотечния материал | Книги |
| Скрит в OPAC | Не |
| Периодичен библиозапис | Да |
| Koha issues (borrowed), all copies | 1 |
| 944 ## - СЪЗДАВАНЕ И РЕДАКЦИЯ на ЗАПИСА | |
| Създаване/Редакция | Създаване |
| Дата на регистрацията/редакция | 16.09.2010 |
| Статус, дата на статуса | CRON CRON |
| Служител, извършил регистрацията/редакцията | |
| 944 ## - СЪЗДАВАНЕ И РЕДАКЦИЯ на ЗАПИСА | |
| Създаване/Редакция | Редакция |
| Дата на регистрацията/редакция | 15.11.2011 |
| Статус, дата на статуса | ф / 15.09.2010 |
| 999 ## - СИСТЕМНИ КОНТРОЛНИ НОМЕРА | |
| Koha biblioitemnumber | 114274 |
| Код за отписване | Код за изгубен артикул | Код за повреда | Коз за рестрикции | Код за отдаване | Артикулен № | Име на библиотеката - собственик | Име на библиотеката, в която се намира в момента | Статус (Текущо местоположение) | Дата на вписване в системата | Местоположение - отдел | Цена в лева | Инвентарен номер | Систематично азбучна сигнатура | Баркод | Номер на екземпляра | Цена в евро | Служебна бележка | Служебен тип на артикула | Източник на класификационната схема |
|---|---|---|---|---|---|---|---|---|---|---|---|---|---|---|---|---|---|---|---|
| Не е изгубен | Не е повреден | без рестрикции | ползва се в читалня | 182776 | Регионална библиотека "Любен Каравелов" Русе | Регионална библиотека "Любен Каравелов" Русе | Хранилище | 2010-09-02 | Хранилище | 15.00 | 120000745432 | Цб 248637 | 120000745432 | 1 | 7.67 | Дост: Dp Вид: Д N: 50 Дата: 02.12.2009 | Книги | ||
| Не е изгубен | Не е повреден | без рестрикции | заемане за дома | 926758 | Регионална библиотека "Любен Каравелов" Русе | Регионална библиотека "Любен Каравелов" Русе | Заемна - подръчен фонд | 2023-04-05 | Заемна - подръчен фонд | 11.00 | 120000885961 | 613.2/Д 13 П | 120000885961 | 5.62 | Книги | Universal Decimal Classification |